|
|
|
|
| LEADER |
00000nam0a2200000 4500 |
| 001 |
120683 |
| 005 |
20231031125119.0 |
| 010 |
|
|
|a 0199203733
|
| 010 |
|
|
|a 978-0-19-920373-4
|
| 035 |
|
|
|a (RuTPU)RU\TPU\book\130683
|
| 090 |
|
|
|a 120683
|
| 100 |
|
|
|a 20070903d2006 m y0engy50 ba
|
| 101 |
0 |
|
|a eng
|a rus
|
| 102 |
|
|
|a US
|
| 105 |
|
|
|a y e 000zy
|
| 200 |
1 |
|
|a Oxford Russian Minidictionary
|f под ред. D. Thompson
|
| 210 |
|
|
|a Oxford
|c Oxford University Press
|d 2006
|
| 215 |
|
|
|a 741 p.
|
| 610 |
1 |
|
|a английский язык
|
| 610 |
1 |
|
|a словари
|
| 610 |
1 |
|
|a фонетика
|
| 610 |
1 |
|
|a лексика
|
| 610 |
1 |
|
|a транскрипция
|
| 686 |
|
|
|a Ш143.21-4
|v LBC/SL-A
|2 rubbk
|
| 702 |
|
1 |
|a Thompson
|b D.
|g Della
|4 340
|
| 801 |
|
1 |
|a RU
|b 63413507
|c 20070903
|g PSBO
|
| 801 |
|
2 |
|a RU
|b 63413507
|c 20230207
|g PSBO
|
| 942 |
|
|
|c BK
|